=LDR 00000nam 2200000 4500 =001 INLIS000000000031674 =005 20130612133732 =008 ***********************************ind** =035 ##$$0010-061300000031674 =041 ##$$a ind =082 ##$$a 028.5 =090 ##$$a 028.5, Yul s =100 ##$$a YULIANTI, Rani =245 ##$$a Sahabat Nabi Untuk Balita, , Amar Bin Yasir, Rani Yulianty =260 ##$$a Syaanul Cipta Media $b Bandung =300 ##$$a 27 hlm., , Illus., , 15cm =650 ##$$a BACAAN ANAK-ANAK =850 ##$$a NBPNMAT